[Event "Olympiad-39"]
[Site "Khanty-Mansiysk"]
[Date "2010.09.24"]
[Round "4.4"]
[White "Gameel, Mohamed"]
[Black "Juddan, Ahmid"]
[Result "1-0"]
[WhiteElo "2216"]
[BlackElo "1832"]
[PlyCount "74"]
[EventDate "2010.09.21"]
[EventType "team-swiss"]
[EventRounds "11"]
[EventCountry "RUS"]
[SourceTitle "CBM 139"]
[Source "ChessBase"]
[SourceDate "2010.11.18"]
[SourceVersion "1"]
[SourceVersionDate "2010.11.18"]
[SourceQuality "1"]
[WhiteTeam "Yemen"]
[BlackTeam "Aruba"]
[WhiteTeamCountry "YEM"]
[BlackTeamCountry "ARN"]

1. e4 e6 2. d4 b6 3. Be3 Bb7 4. Nd2 Nf6 5. Bd3 d5 6. e5 Ne4 7. c3 c5 8. Ngf3 Be7 9. 0-0 Nd7 10. Rc1 0-0 11. Bb1 Rc8 12. Nxe4 dxe4 13. Nd2 f5 14. exf6 Nxf6 15. Qe2 Qd5 16. c4 Qc6 17. dxc5 Bxc5 18. Bxc5 e3 19. Nf3 Qxc5 20. Qxe3 Qh5 21. Qxe6+ Kh8 22. Qf5 Bxf3 23. Qxf3 Ng4 24. Qg3 Rce8 25. h3 Ne5 26. b3 Nf3+ 27. gxf3 Rxf3 28. Qg4 Qf7 29. Rce1 Rf8 30. Qg2 h5 31. Re3 Rf4 32. Bg6 Qf6 33. Bxh5 g6 34. Qxg6 Rg8 35. Re8 Qxg6+ 36. Bxg6 Rff8 37. Rxf8 Rxf8 1-0